Missing Word: 2009 Hits Quiz Stats

Quiz Updated Mar 5, 2016

Challenge
Share
Tweet
Embed
Score 0/20 Timer 02:00
1 Play Today
Hint Missing Word % Correct
_____ FacePoker
95%
Best I _____ HadEver
90.5%
_____ in the U.S.A.Party
86.2%
Boom Boom _____Pow
85.9%
Good Girls Go _____Bad
85.6%
Bad _____Romance
83.3%
My Life Would _____ Without YouSuck
82%
Knock You _____Down
80.9%
I Know You _____ Me (Calle Ocho)Want
77.3%
Dead and _____Gone
70.3%
Hint Missing Word % Correct
Gives You _____Hell
70.3%
_____ 'n' NiteDay
69.5%
You _____ With MeBelong
69.4%
Waking Up in _____Vegas
68.8%
Kiss Me Thru the _____Phone
67.6%
_____ SomebodyUse
63.9%
Whatcha _____Say
58.7%
You _____ MeFound
40.8%
_____ ChanceSecond
38.3%
_____ a BottleCrack
32.3%

Today's Daily Dose

Missing Word
Jazz Songs 'C'

On This Day
January 18th

You're not logged in!

Compare scores with friends on all Sporcle quizzes.
Sign Up with Email
OR
Log In

You Might Also Like...

Show Comments

Extras

Top Quizzes Today


Score Distribution

Your Account Isn't Verified!

In order to create a playlist on Sporcle, you need to verify the email address you used during registration. Go to your Sporcle Settings to finish the process.